00604nam a2200169 a 450000100100000000500170001000800410002704000250006808200140009310000310010724500630013826000750020130000200027604900090029695201120030599900170041700003175920200930063146.0110701s1945 dr 000 0 spa d aDO-SdBNPbspacBNPHU axxbR457m1 aReyes Vargas, P. A.95661810aMéxico ante la realidad americana /cP. A. Reyes Vargas. aSantiago, República Dominicana :bImprenta Muchas Gracias,c[1945?]. a18 p. ;c20 cm. aBNPD 0010718PDaPDbPDcCTd2011-07-01iLF1l0oxx R457mp31759-10r2020-06-25w2020-06-25yLFPDZNo se presta c31251d31251